LIBRARY & INFORMATION CENTRE, KCAET, TAVANUR

ONLINE PUBLIC ACCESS CATALOGUE (OPAC)

Kavitha / (Record no. 11741)

MARC details
000 -LEADER
fixed length control field 00431cam a2200157ua 4500
041 ## - LANGUAGE CODE
Language code of text/sound track or separate title mal
082 ## - DEWEY DECIMAL CLASSIFICATION NUMBER
Classification number 894.81209
Item number CJS/KA
100 ## - MAIN ENTRY--AUTHOR NAME
Personal name C,J Smaraka samaraka , Prasanga samithi .
245 00 - TITLE STATEMENT
Title Kavitha /
260 ## - PUBLICATION, DISTRIBUTION, ETC. (IMPRINT)
Place of publication :
Name of publisher C.J. Smaraka prasanga samithi ,
Year of publication 1968.
300 ## - PHYSICAL DESCRIPTION
Number of Pages 150 ; .

No items available.

free website counter